| 000 | 00462cam a2200181 4500 | ||
|---|---|---|---|
| 001 | D5678 | ||
| 008 | 090401t1970 xxu||||| |||| 00| 0 eng d | ||
| 035 | _a(Sirsi) u63929 | ||
| 041 | _aeng | ||
| 050 | _a692.5 | ||
| 100 | _aHornung, William J | ||
| 245 | _aEstimating building construction: quantity surveying | ||
| 260 |
_aEnglewood Cliffs, N J _bPrentice-Hall Inc _c1970 |
||
| 300 | _axi. 210p. 24cm | ||
| 350 | _a5.5 | ||
| 942 | _n0 | ||
| 948 | _c04/03/1997 | ||
| 999 |
_c94623 _d94623 |
||